La redención de la patria. Discurso pronunciado por el Presidente, Dr. Oscar Arias Sánchez, en el Primer Congreso Nacional de la Vivienda en la Comunidad, el 13 de diciembre de 1986
Guardat en:
| Autor principal: | |
|---|---|
| Format: | Text |
| Publicat: |
San José:
Imprenta Nacional
|
| Etiquetes: |
Afegir etiqueta
Sense etiquetes, Sigues el primer a etiquetar aquest registre!
|
MARC
| LEADER | 00000 a a2200000 04500 | ||
|---|---|---|---|
| 001 | 22866 | ||
| 003 | |||
| 040 | |||
| 090 | |a 156800 | ||
| 100 | |a Arias Sánchez, Oscar | ||
| 245 | |a La redención de la patria. Discurso pronunciado por el Presidente, Dr. Oscar Arias Sánchez, en el Primer Congreso Nacional de la Vivienda en la Comunidad, el 13 de diciembre de 1986 | ||
| 260 | |a San José: |b Imprenta Nacional | ||
| 300 | |a 4 p. | ||
| 999 | |c 11852 |d 11852 | ||
